[Event "Bezirkseinzelmeisterschaft"]
[Site "?"]
[Date "2005.05.26"]
[Round "3.6"]
[White "Michels, Marius"]
[Black "Stojadinovic, Tomislav"]
[Result "1-0"]
[WhiteElo "1567"]
[BlackElo "1765"]
[PlyCount "41"]
[EventDate "2005.05.25"]
[SourceDate "2005.05.25"]

1. Nf3 b6 2. g3 Bb7 3. Bg2 d6 4. d4 g6 5. O-O Bg7 6. c4 Nf6 7. Nc3 O-O 8. b3
Nbd7 9. Bb2 Re8 10. Qc2 a6 11. Rfd1 Qc8 12. Rac1 e5 13. dxe5 Nxe5 14. Nd5 Nc6
15. Nxf6+ Bxf6 16. Bxf6 Qe6 17. Bc3 Qxe2 18. Qxe2 Rxe2 19. Nd4 Rxa2 20. Nxc6
Bxc6 21. Bxc6 1-0

[Event "Bezirkseinzelmeisterschaft"]
[Site "?"]
[Date "2005.05.26"]
[Round "3.7"]
[White "Schwirz, Ulrich"]
[Black "Fichtl, Andreas"]
[Result "0-1"]
[WhiteElo "1138"]
[BlackElo "1625"]
[PlyCount "92"]
[EventDate "2005.05.25"]
[SourceDate "2005.05.25"]

1. e4 e6 2. d4 d5 3. Nc3 Bb4 4. e5 c5 5. Nf3 Nc6 6. a3 Bxc3+ 7. bxc3 Bd7 8. Bg5
Qc7 9. Be2 h6 10. Be3 Nge7 11. c4 O-O 12. O-O Rac8 13. c3 dxc4 14. Bxc4 cxd4
15. cxd4 Rfd8 16. Rc1 a6 17. a4 Nf5 18. Qd2 Qa5 19. Qd1 Nce7 20. Bd2 Qxa4 21.
Bb3 Rxc1 22. Bxc1 Qa5 23. Bd2 Qb6 24. Bc3 Bc6 25. Bc2 Bxf3 26. Qxf3 Nxd4 27.
Bxd4 Rxd4 28. Be4 Nd5 29. h3 Qc5 30. Rb1 b5 31. Ra1 Qb6 32. Rc1 Rc4 33. Bc2 Qc7
34. Qd3 g6 35. h4 Qxe5 36. g3 Nb4 37. Qd8+ Kg7 38. Qd2 Rxc2 39. Rxc2 Nxc2 40.
Qxc2 b4 41. Qa4 Qc3 42. Qxa6 b3 43. Qf1 b2 44. h5 Qc1 45. hxg6 Qxf1+ 46. Kxf1
b1=Q+ 0-1

[Event "Bezirkseinzelmeisterschaft"]
[Site "?"]
[Date "2005.05.26"]
[Round "3.8"]
[White "Pade, Joachim"]
[Black "Hofmann, Werner"]
[Result "1-0"]
[WhiteElo "1620"]
[BlackElo "1525"]
[PlyCount "103"]
[EventDate "2005.05.25"]
[SourceDate "2005.05.25"]

1. f4 d5 2. Nf3 Bf5 3. e3 e6 4. b3 Be7 5. Bb2 Nf6 6. Be2 O-O 7. O-O c5 8. Ne5
d4 9. exd4 cxd4 10. Bf3 Qb6 11. d3 Nc6 12. Nd2 Rac8 13. Ndc4 Qd8 14. Nxc6 bxc6
15. Ne5 c5 16. Qe2 Nd5 17. Bxd5 Qxd5 18. g4 f6 19. Nc4 Bg6 20. h4 f5 21. g5 Be8
22. Rae1 Bd7 23. Ne5 Bc6 24. Nxc6 Rxc6 25. c4 Qd7 26. h5 Kh8 27. Rf2 Bd8 28. h6
gxh6 29. Qe5+ Qg7 30. Qxg7+ Kxg7 31. gxh6+ Kxh6 32. Rg2 Rf6 33. Rh2+ Kg7 34. b4
Bb6 35. b5 Rc8 36. Kf2 Bc7 37. Kf3 Rg6 38. a4 Rg8 39. Ba3 Bb6 40. Re5 Kh8 41.
a5 Rg3+ 42. Ke2 Bxa5 43. Bxc5 Rg2+ 44. Rxg2 Rxg2+ 45. Kf1 Rg6 46. Bxd4 Bb6 47.
c5 Bc7 48. Rxe6+ Kg8 49. Rxg6+ hxg6 50. Be5 Bxe5 51. fxe5 Kf7 52. b6 1-0

[Event "Bezirkseinzelmeisterschaft"]
[Site "?"]
[Date "2005.05.26"]
[Round "3.10"]
[White "Polek, Maik"]
[Black "Schurmann, Raimund"]
[Result "0-1"]
[WhiteElo "1356"]
[BlackElo "1353"]
[PlyCount "110"]
[EventDate "2005.05.25"]
[SourceDate "2005.05.25"]

1. Nf3 c5 2. c4 Nc6 3. g3 g6 4. d4 cxd4 5. Nxd4 Bg7 6. Be3 e5 7. Nxc6 bxc6 8.
Bg2 Qe7 9. c5 f5 10. Nc3 Nf6 11. O-O O-O 12. Qc2 Ng4 13. Nd1 Rb8 14. Rb1 f4 15.
gxf4 exf4 16. Qc4+ Qf7 17. Qxf7+ Rxf7 18. Bh3 Nxe3 19. fxe3 fxe3 20. Rxf7 Kxf7
21. b4 Bd4 22. Rb3 a5 23. Nxe3 Rxb4 24. Kf2 Rxb3 25. axb3 Bxc5 26. Kf3 Bxe3 27.
Kxe3 Ke7 28. Kd4 Kd6 29. e3 c5+ 30. Kc4 Ba6+ 31. Kc3 Ke7 32. Kb2 d5 33. Ka3 Bb5
34. Bg2 Ke6 35. Kb2 Ke5 36. Kc3 h5 37. h4 c4 38. Bf1 Kd6 39. bxc4 dxc4 40. Bxc4
Bxc4 41. Kxc4 Ke5 42. Kb5 Ke4 43. Kxa5 Kxe3 44. Kb4 Kf4 45. Kc4 Kg4 46. Kd3
Kxh4 47. Ke2 Kg3 48. Kf1 g5 49. Kg1 h4 50. Kh1 g4 51. Kg1 Kf3 52. Kf1 g3 53.
Kg1 h3 54. Kh1 g2+ 55. Kg1 h2+ 0-1

[Event "Bezirkseinzelmeisterschaft"]
[Site "?"]
[Date "2005.05.26"]
[Round "3.11"]
[White "Risius, Joerg"]
[Black "Risius, Philipp"]
[Result "0-1"]
[WhiteElo "1232"]
[BlackElo "1509"]
[PlyCount "60"]
[EventDate "2005.05.25"]
[SourceDate "2005.05.25"]

1. d4 f5 2. g3 Nf6 3. Nf3 g6 4. Bg2 Bg7 5. O-O O-O 6. Nc3 c6 7. Bd2 d6 8. Qc1
Qe8 9. Bh6 e5 10. Bxg7 Kxg7 11. dxe5 dxe5 12. e4 Rf7 13. Ng5 Re7 14. exf5 Bxf5
15. Nge4 Nxe4 16. Nxe4 Bxe4 17. Bxe4 Nd7 18. Qe3 Nf6 19. Rad1 Nxe4 20. Qxe4 Rd8
21. f3 Red7 22. Rd3 Rxd3 23. cxd3 Rd5 24. Re1 Qd8 25. f4 Qb6+ 26. d4 Qxd4+ 27.
Qxd4 exd4 28. Re7+ Kf6 29. Rxb7 d3 30. Kf1 d2 0-1

[Event "Bezirkseinzelmeisterschaft"]
[Site "?"]
[Date "2005.05.28"]
[Round "4.3"]
[White "Orwatsch, Gerhard"]
[Black "Pade, Joachim"]
[Result "1-0"]
[WhiteElo "1930"]
[BlackElo "1620"]
[PlyCount "79"]
[EventDate "2005.05.25"]
[SourceDate "2005.05.25"]

1. d4 e6 2. Nf3 f5 3. b3 Nf6 4. Bb2 b6 5. Nbd2 Bb7 6. e3 Ne4 7. Nxe4 Bxe4 8.
Nd2 d5 9. f3 f4 10. exf4 Bg6 11. g3 Bd6 12. Bh3 Qf6 13. O-O O-O 14. Re1 Re8 15.
Nf1 Nd7 16. Ne3 Re7 17. Re2 Qf7 18. Qd2 c5 19. c3 a5 20. Rae1 Rae8 21. a4 cxd4
22. cxd4 Rc8 23. Rc1 Rxc1+ 24. Qxc1 Bb4 25. Ba3 Bxa3 26. Qxa3 Bd3 27. Nxd5 Re8
28. Re3 exd5 29. Rxd3 Nb8 30. Qd6 Re1+ 31. Kf2 Qe8 32. Qxd5+ Kh8 33. Bf1 Nc6
34. Qb5 h6 35. d5 Rc1 36. Re3 Rc2+ 37. Be2 Qh5 38. h4 Nd4 39. Qe8+ Qxe8 40.
Rxe8+ 1-0

[Event "Bezirkseinzelmeisterschaft"]
[Site "?"]
[Date "2005.05.28"]
[Round "4.4"]
[White "Bruchmueller, Frank"]
[Black "Tkatschow, Anatoli"]
[Result "1/2-1/2"]
[WhiteElo "1518"]
[BlackElo "1840"]
[PlyCount "46"]
[EventDate "2005.05.25"]
[SourceDate "2005.05.25"]

1. c4 c6 2. Nf3 Nf6 3. Nc3 e6 4. e3 d5 5. b3 Bd6 6. Bb2 Nbd7 7. d4 O-O 8. Bd3
h6 9. O-O Qe7 10. Re1 Bb4 11. Qc2 Re8 12. a3 Bd6 13. e4 dxe4 14. Nxe4 Nxe4 15.
Bxe4 Nf6 16. Bd3 Qd8 17. Rad1 Qc7 18. h3 Be7 19. Re3 b6 20. Rde1 Bb7 21. R1e2
Rad8 22. Re1 c5 23. d5 Bc8 (23... Bc8 24. Be5 Bd6 25. Bxf6 gxf6 26. Bf5)
1/2-1/2

[Event "Bezirkseinzelmeisterschaft"]
[Site "?"]
[Date "2005.05.28"]
[Round "4.6"]
[White "Schurmann, Raimund"]
[Black "Michels, Marius"]
[Result "1-0"]
[WhiteElo "1353"]
[BlackElo "1567"]
[PlyCount "65"]
[EventDate "2005.05.25"]
[SourceDate "2005.05.25"]

1. e4 e5 2. Nf3 Nc6 3. Bb5 a6 4. Ba4 Nf6 5. O-O b5 6. Bb3 Bc5 7. Re1 d6 8. c3
O-O 9. d4 exd4 10. cxd4 Bb4 11. Nc3 Re8 12. Bc2 Na5 13. e5 dxe5 14. dxe5 Bxc3
15. bxc3 Nd5 16. Qd3 g6 17. Qd2 Ne7 18. Qh6 f6 19. exf6 Nf5 20. Bxf5 Rxe1+ 21.
Nxe1 Qxf6 22. Bxc8 Rxc8 23. Bg5 Qxc3 24. Rd1 Re8 25. Bd2 Qa3 26. Nf3 Nc4 27. h3
Qb2 28. Ng5 Qg7 29. Qxg7+ Kxg7 30. Bc3+ Kh6 31. Nf7+ Kh5 32. Rd5+ Kh4 33. Bf6+
1-0

[Event "Bezirkseinzelmeisterschaft"]
[Site "?"]
[Date "2005.05.28"]
[Round "4.7"]
[White "Rovner, Peter"]
[Black "Schaub, Thomas"]
[Result "0-1"]
[WhiteElo "1823"]
[BlackElo "1715"]
[PlyCount "112"]
[EventDate "2005.05.25"]
[SourceDate "2005.05.25"]

1. d4 d5 2. c4 e6 3. Nc3 Nf6 4. Bg5 c6 5. Nf3 Nbd7 6. e3 Qa5 7. a3 dxc4 8. Bxf6
Nxf6 9. Bxc4 Ne4 10. Qc2 Nxc3 11. Qxc3 Qxc3+ 12. bxc3 Be7 13. O-O b6 14. a4 Bb7
15. a5 b5 16. a6 Bc8 17. Bd3 f6 18. c4 Bd7 19. cxb5 cxb5 20. Be4 Rb8 21. Rfc1
Bd6 22. Bc6 Bxc6 23. Rxc6 Kd7 24. Rcc1 Rhc8 25. Rcb1 Rb6 26. Kf1 Rcc6 27. Ra5
b4 28. Nd2 Rxa6 29. Rxa6 Rxa6 30. Ne4 Rb6 31. Ra1 a6 32. Nd2 Rc6 33. Ke2 Bc7
34. Nb3 Kd6 35. Nc5 a5 36. Nb7+ Kd5 37. Nxa5 Ra6 38. Nb3 Rxa1 39. Nxa1 Kc4 40.
Kd2 b3 41. Nxb3 Kxb3 42. Kd3 Kb4 43. h3 Kb5 44. g4 Kc6 45. Ke4 Kd6 46. h4 Ba5
47. f4 Be1 48. h5 Bh4 49. f5 Bg5 50. Kd3 e5 51. e4 exd4 52. Kxd4 Bf4 53. e5+
fxe5+ 54. Ke4 Bg5 55. Kd3 Kd5 56. Ke2 Ke4 0-1

[Event "Bezirkseinzelmeisterschaft"]
[Site "?"]
[Date "2005.05.28"]
[Round "4.8"]
[White "Stojadinovic, Tomislav"]
[Black "Schwirz, Ulrich"]
[Result "1-0"]
[WhiteElo "1765"]
[BlackElo "1138"]
[PlyCount "79"]
[EventDate "2005.05.25"]
[SourceDate "2005.05.25"]

1. e4 e5 2. Nf3 Nc6 3. Bb5 Nf6 4. O-O a6 5. Bxc6 bxc6 6. Nxe5 Bd6 7. f4 O-O 8.
d3 Bxe5 9. fxe5 Ne8 10. Nd2 d5 11. Qf3 Be6 12. Qg3 h6 13. Nf3 Kh7 14. Be3 Rg8
15. h4 f6 16. Nd4 Bf7 17. e6 Bh5 18. Nxc6 Qd6 19. Qxd6 Nxd6 20. exd5 Be8 21.
Ne7 Rh8 22. a4 Rb8 23. b3 Rb4 24. d4 Bg6 25. Nxg6 Kxg6 26. Rad1 Nf5 27. h5+
Kxh5 28. Rxf5+ Kg6 29. Rf3 Kh7 30. Bf4 Rb7 31. Rc3 Re8 32. Rxc7 Rxc7 33. Bxc7
Re7 34. d6 Rxe6 35. d7 Rc6 36. d8=Q Rxc2 37. Qd7 Rc3 38. Rf1 Kg6 39. Be5 fxe5
40. Qf5# 1-0

[Event "Bezirkseinzelmeisterschaft"]
[Site "?"]
[Date "2005.05.28"]
[Round "4.9"]
[White "Risius, Philipp"]
[Black "Polek, Maik"]
[Result "0-1"]
[WhiteElo "1509"]
[BlackElo "1356"]
[PlyCount "56"]
[EventDate "2005.05.25"]
[SourceDate "2005.05.25"]

1. e4 Nf6 2. e5 Nd5 3. c4 Nb6 4. d4 d6 5. exd6 cxd6 6. Bf4 g6 7. Nc3 Bg7 8. h3
O-O 9. Nf3 Re8 10. Be2 Nc6 11. O-O e5 12. dxe5 dxe5 13. Qxd8 Rxd8 14. Bg3 Be6
15. c5 Nc4 16. Bxc4 Bxc4 17. Rfe1 f6 18. b3 Bd3 19. Rad1 Bf8 20. Re3 Bc2 21.
Rc1 Bf5 22. Ree1 Bxc5 23. Nb5 Bb6 24. Red1 Bd3 25. Nc3 Nb4 26. a3 Nc2 27. Rxd3
Rxd3 28. Rxc2 Rc8 0-1

[Event "Bezirkseinzelmeisterschaft"]
[Site "?"]
[Date "2005.05.28"]
[Round "4.5"]
[White "Fichtl, Andreas"]
[Black "Budeck, Alfred"]
[Result "1-0"]
[WhiteElo "1625"]
[BlackElo "1536"]
[PlyCount "79"]
[EventDate "2005.05.25"]
[SourceDate "2005.05.25"]

1. e4 Nf6 2. e5 Nd5 3. d4 d6 4. f4 Nc6 5. Nf3 Bg4 6. c3 dxe5 7. fxe5 e6 8. Be2
Be7 9. O-O a6 10. Qd3 Bf5 11. Qd1 O-O 12. Bd3 Bxd3 13. Qxd3 b5 14. a3 Na5 15.
Nbd2 c5 16. Kh1 Rc8 17. Qe4 Qd7 18. dxc5 f5 19. exf6 Nxf6 20. Qc2 Ng4 21. Ne4
Qc7 22. h3 Rxf3 23. gxf3 Rf8 24. hxg4 Qe5 25. Qh2 Qd5 26. Be3 Nc4 27. Rad1 Qc6
28. Bc1 Bd8 29. Qg3 Bc7 30. Qh3 Ne5 31. Kg2 Qe8 32. Nd6 Qg6 33. Qh5 Qc2+ 34.
Rd2 Qb3 35. Qxe5 Rf6 36. Qh5 g6 37. Qe5 Rf8 38. Re2 Re8 39. Qf6 Rd8 40. Qf7+
1-0

[Event "Bezirkseinzelmeisterschaft"]
[Site "?"]
[Date "2005.05.28"]
[Round "4.2"]
[White "Khasin, Daniel"]
[Black "Lueders, Morten"]
[Result "0-1"]
[WhiteElo "1600"]
[BlackElo "1800"]
[PlyCount "90"]
[EventDate "2005.05.25"]
[SourceDate "2005.05.25"]

1. e4 c5 2. Nc3 d6 3. g3 Nc6 4. Bg2 g6 5. d3 Bg7 6. Be3 e6 7. f4 Nge7 8. Nf3
O-O 9. O-O Nd4 10. Qd2 b6 11. e5 Nxf3+ 12. Bxf3 Rb8 13. exd6 Nf5 14. Bf2 Nd4
15. Bg2 Bb7 16. Ne4 f5 17. c3 Nc6 18. Ng5 Qxd6 19. Rae1 e5 20. fxe5 Nxe5 21.
Bxb7 Rxb7 22. Qf4 h6 23. Nf3 Nxf3+ 24. Qxf3 Rd7 25. Be3 Qd5 26. Qxd5+ Rxd5 27.
d4 cxd4 28. Bxd4 Bxd4+ 29. cxd4 Rxd4 30. Re7 Rf7 31. Rxf7 Kxf7 32. Rf2 Kf6 33.
Kg2 Kg5 34. h3 h5 35. Re2 h4 36. gxh4+ Kxh4 37. Re7 Rd2+ 38. Kf3 Rd3+ 39. Kf4
Rd4+ 40. Kf3 Kxh3 41. Rh7+ Rh4 42. Rxa7 g5 43. Rb7 g4+ 44. Ke2 g3 45. Rxb6 g2
0-1

[Event "Bezirkseinzelmeisterschaft"]
[Site "?"]
[Date "2005.05.28"]
[Round "4.1"]
[White "Danner, Lambert"]
[Black "Feicht, Arno"]
[Result "1/2-1/2"]
[WhiteElo "1937"]
[BlackElo "1930"]
[PlyCount "145"]
[EventDate "2005.05.25"]
[SourceDate "2005.05.25"]

1. d4 f5 2. g3 g6 3. Bg2 Bg7 4. c3 Nf6 5. Qb3 Nc6 6. Nh3 e6 7. Nd2 O-O 8. O-O
Kh8 9. e4 Ne7 10. e5 Nfd5 11. c4 Nb6 12. Nf4 d6 13. Nf3 Nc6 14. c5 Nd5 15. Nxd5
exd5 16. exd6 cxd6 17. Qxd5 Nb4 18. Qb3 Nc6 19. Rd1 f4 20. Bxf4 Bg4 21. Qxb7
Rc8 22. cxd6 Bxf3 23. Bxf3 Nxd4 24. Bg4 Rb8 25. Qxa7 Rxf4 26. gxf4 Qxd6 27. Qd7
Qxf4 28. Rac1 h5 29. Rc8+ Rxc8 30. Qxc8+ Kh7 31. Bh3 Nf3+ 32. Kg2 Qe4 33. Qe6
Ne5+ 34. Kg1 Nf3+ 35. Kh1 Ne5+ 36. Bg2 Qe2 37. Qd5 Ng4 38. Bf3 Nxf2+ 39. Kg2
Nxd1+ 40. Bxe2 Ne3+ 41. Kf3 Nxd5 42. Ke4 Nf6+ 43. Kd3 Ng4 44. b4 Nxh2 45. Ke4
Bc3 46. b5 Ba5 47. a4 Kh6 48. Kd5 Ng4 49. Kc6 Ne5+ 50. Kd6 Nf7+ 51. Kc5 Ne5 52.
Kd6 Nf7+ 53. Kc5 Ng5 54. b6 h4 55. Bg4 h3 56. Bxh3 Nxh3 57. Kb5 Bxb6 58. Kxb6
Nf4 59. a5 Nd5+ 60. Kc6 Nb4+ 61. Kb5 Nd5 62. Kc6 Ne7+ 63. Kd7 Nd5 64. Kd6 Nb4
65. Kc5 Na6+ 66. Kb6 g5 67. Kxa6 g4 68. Kb7 g3 69. a6 g2 70. a7 g1=Q 71. a8=Q
Qg2+ 72. Kb8 Qxa8+ 73. Kxa8 1/2-1/2

[Event "Bezirkseinzelmeisterschaft"]
[Site "?"]
[Date "2005.05.28"]
[Round "4.9"]
[White "Siewert, Patrick"]
[Black "Rovner, Vladimir"]
[Result "0-1"]
[WhiteElo "1096"]
[BlackElo "1597"]
[PlyCount "144"]
[EventDate "2005.05.25"]
[SourceDate "2005.05.25"]

1. d4 d6 2. c4 g6 3. Nf3 Bg7 4. e3 Nf6 5. Nbd2 O-O 6. g3 Bg4 7. Bg2 Nbd7 8. Qc2
Bxf3 9. Nxf3 c6 10. O-O Rc8 11. Bd2 Qc7 12. Rac1 b6 13. Rfd1 c5 14. Bc3 cxd4
15. Nxd4 Qxc4 16. b3 Qc7 17. Nc6 Rfe8 18. Ba1 Nb8 19. b4 Nxc6 20. Bxc6 Red8 21.
b5 d5 22. f3 e6 23. Qa4 Nd7 24. Bxg7 Kxg7 25. Rc3 Nc5 26. Qc2 Qe7 27. Rd4 Qf6
28. Kg2 Qe7 29. a4 Nb7 30. Bxb7 Qxb7 31. Rd1 Rxc3 32. Qxc3+ Kg8 33. Rc1 Rd7 34.
Qc6 h5 35. h4 Kh7 36. Qc3 Qb8 37. Qc6 Qd8 38. f4 d4 39. exd4 Rxd4 40. Qb7 Rd7
41. Qc6 Kg7 42. Qc3+ Qf6 43. Qb4 Qd4 44. Qxd4+ Rxd4 45. Ra1 Rb4 46. Ra3 Kf6 47.
Kf3 e5 48. fxe5+ Kxe5 49. Re3+ Kf6 50. Ra3 g5 51. hxg5+ Kxg5 52. Ra1 f5 53. Ra2
h4 54. gxh4+ Kxh4 55. Rh2+ Kg5 56. Rg2+ Rg4 57. Re2 Rxa4 58. Re7 Ra3+ 59. Kf2
Kf4 60. Re2 Rb3 61. Ra2 Rxb5 62. Rxa7 Rb2+ 63. Ke1 b5 64. Rb7 Kf3 65. Rf7 f4
66. Rd7 b4 67. Rd3+ Kg2 68. Rd4 Rb1+ 69. Kd2 f3 70. Rg4+ Kh3 71. Rxb4 Rxb4 72.
Ke1 Kg2 0-1

[Event "Bezirkseinzelmeisterschaft"]
[Site "?"]
[Date "2005.05.28"]
[Round "5.9"]
[White "Schwirz, Ulrich"]
[Black "Rovner, Peter"]
[Result "0-1"]
[WhiteElo "1138"]
[BlackElo "1823"]
[PlyCount "58"]
[EventDate "2005.05.25"]
[SourceDate "2005.05.25"]

1. e4 c6 2. d4 d5 3. exd5 cxd5 4. c4 e6 5. Nc3 Nf6 6. Nf3 dxc4 7. Bxc4 Bd6 8.
Bg5 Nbd7 9. d5 exd5 10. Nxd5 Qa5+ 11. Bd2 Qd8 12. Qe2+ Be7 13. O-O Nxd5 14.
Bxd5 O-O 15. Qe4 Nf6 16. Bxf7+ Kxf7 17. Qc4+ Qd5 18. Qxd5+ Nxd5 19. Rfe1 Bf6
20. Ng5+ Kg8 21. Rab1 Bf5 22. Ne4 Bd4 23. Kh1 Bxf2 24. Nxf2 Bxb1 25. Rxb1 Rxf2
26. Rd1 Raf8 27. h3 Rf1+ 28. Rxf1 Rxf1+ 29. Kh2 Rf2 0-1

[Event "Bezirkseinzelmeisterschaft"]
[Site "?"]
[Date "2005.05.28"]
[Round "5.10"]
[White "Polek, Maik"]
[Black "Siewert, Patrick"]
[Result "1-0"]
[WhiteElo "1356"]
[BlackElo "1096"]
[PlyCount "39"]
[EventDate "2005.05.25"]
[SourceDate "2005.05.25"]

1. Nf3 Nf6 2. c4 g6 3. Nc3 Bg7 4. g3 d6 5. Bg2 O-O 6. O-O Nbd7 7. d4 c5 8. d5
a6 9. Bf4 Ne8 10. Qd2 Rb8 11. Rfe1 b5 12. cxb5 axb5 13. a4 b4 14. Ne4 Nb6 15.
Bh6 Nc4 16. Qc1 Na5 17. Bxg7 Nxg7 18. Qh6 f6 19. Nfg5 fxg5 20. Nxg5 1-0

[Event "Bezirkseinzelmeisterschaft"]
[Site "?"]
[Date "2005.05.28"]
[Round "5.4"]
[White "Tkatschow, Anatoli"]
[Black "Schurmann, Raimund"]
[Result "1-0"]
[WhiteElo "1840"]
[BlackElo "1353"]
[PlyCount "59"]
[EventDate "2005.05.25"]
[SourceDate "2005.05.25"]

1. d4 d5 2. Nf3 g6 3. e3 Bg7 4. c3 Nf6 5. Bd3 O-O 6. O-O c6 7. h3 Nbd7 8. Qc2
Rb8 9. Nbd2 b6 10. e4 dxe4 11. Nxe4 Bb7 12. Bf4 Rc8 13. Rfe1 Re8 14. Nxf6+ Nxf6
15. Be5 c5 16. Bxf6 Bxf6 17. dxc5 Bxf3 18. gxf3 Rxc5 19. Bf1 Qc7 20. Re4 Rd8
21. Rd1 Rcd5 22. Rxd5 Rxd5 23. f4 Qd6 24. Bc4 Rd2 25. Qa4 a5 26. Qe8+ Kg7 27.
Qxf7+ Kh6 28. Qf8+ Kh5 29. Qf7 Rd1+ 30. Kg2 1-0

[Event "Bezirkseinzelmeisterschaft"]
[Site "?"]
[Date "2005.05.28"]
[Round "5.8"]
[White "Michels, Marius"]
[Black "Hofmann, Werner"]
[Result "1/2-1/2"]
[WhiteElo "1567"]
[BlackElo "1525"]
[PlyCount "40"]
[EventDate "2005.05.25"]
[SourceDate "2005.05.25"]

1. d4 Nf6 2. g3 d5 3. Bg2 e6 4. Nf3 Be7 5. c4 c5 6. cxd5 Nxd5 7. O-O cxd4 8.
Nxd4 O-O 9. e4 Nf6 10. Bf4 Nbd7 11. Be3 Ne5 12. f4 Nc4 13. Qe2 Nxe3 14. Qxe3
Ng4 15. Qc3 Qb6 16. Nd2 Bd7 17. a4 e5 18. fxe5 Nxe5 19. a5 Qd6 20. Kh1 Rac8
1/2-1/2

[Event "Bezirkseinzelmeisterschaft"]
[Site "?"]
[Date "2005.05.28"]
[Round "5.3"]
[White "Lueders, Morten"]
[Black "Bruchmueller, Frank"]
[Result "0-1"]
[WhiteElo "1800"]
[BlackElo "1518"]
[PlyCount "40"]
[EventDate "2005.05.25"]
[SourceDate "2005.05.25"]

1. e4 d5 2. exd5 Nf6 3. Bb5+ Bd7 4. Bc4 Bg4 5. f3 Bc8 6. Nc3 Nbd7 7. Nge2 Nb6
8. Bb3 Nbxd5 9. d4 c6 10. Bg5 h6 11. Bxf6 Nxf6 12. Qd2 Qc7 13. O-O-O e6 14. Nf4
Bd6 15. Nd3 Bd7 16. Ne4 Be7 17. Ne5 Nxe4 18. Qd3 Nf2 19. Qc4 Nxh1 20. Rxh1 Bf6
0-1

[Event "Bezirkseinzelmeisterschaft"]
[Site "?"]
[Date "2005.05.28"]
[Round "5.5"]
[White "Schaub, Thomas"]
[Black "Khasin, Daniel"]
[Result "0-1"]
[WhiteElo "1715"]
[BlackElo "1600"]
[PlyCount "60"]
[EventDate "2005.05.25"]
[SourceDate "2005.05.25"]

1. e4 e5 2. Nf3 Nc6 3. Bb5 Bc5 4. O-O Nd4 5. Bc4 d6 6. c3 Nxf3+ 7. Qxf3 Nf6 8.
h3 O-O 9. d3 h6 10. Be3 Bxe3 11. Qxe3 Re8 12. Nd2 d5 13. exd5 Nxd5 14. Qf3 Be6
15. Rfe1 Nf4 16. Rxe5 Bxc4 17. Rxe8+ Qxe8 18. Nxc4 g5 19. d4 Qb5 20. b3 Re8 21.
Kh2 Qf5 22. Ne3 Qd3 23. Rc1 c6 24. Qg4 Qd2 25. Rc2 Qd3 26. Rc1 Qd2 27. Rf1 Qxa2
28. Qd7 Rxe3 29. Qxb7 Qe2 30. Rg1 Qxf2 0-1

[Event "Bezirkseinzelmeisterschaft"]
[Site "?"]
[Date "2005.05.28"]
[Round "5.6"]
[White "Rovner, Vladimir"]
[Black "Stojadinovic, Tomislav"]
[Result "1/2-1/2"]
[WhiteElo "1597"]
[BlackElo "1765"]
[PlyCount "96"]
[EventDate "2005.05.25"]
[SourceDate "2005.05.25"]

1. d4 d5 2. c4 Nc6 3. e3 e6 4. cxd5 exd5 5. Nc3 Nf6 6. Bb5 a6 7. Bxc6+ bxc6 8.
h3 Bd6 9. Nf3 O-O 10. O-O Re8 11. Re1 h6 12. Qc2 Bd7 13. Kf1 Ne4 14. Nd2 f5 15.
Ncxe4 fxe4 16. Kg1 Qg5 17. f4 Qg3 18. Re2 Bxh3 19. Nf1 Qg6 20. Qxc6 Be6 21. Bd2
a5 22. Be1 Rab8 23. b3 Rb6 24. Qc2 Ra8 25. Rb1 Bd7 26. Qc1 Bb5 27. Rf2 Bd3 28.
Ra1 Qe8 29. Qd1 a4 30. bxa4 Rxa4 31. Qg4 Be7 32. Rc1 Rg6 33. Qh3 c6 34. Ng3 Qd8
35. Nf5 Ba3 36. Rc3 Bb4 37. Rc1 Ba3 38. Rc3 Bf8 39. Rb2 Bb5 40. Rcb3 Kh7 41.
Nh4 Rd6 42. f5 Rf6 43. Ng6 Ba3 44. Rb1 Bd6 45. Bh4 Rxa2 46. Bxf6 Qxf6 47. R3b2
Ra3 48. Rb3 Ra2 1/2-1/2

[Event "Bezirkseinzelmeisterschaft"]
[Site "?"]
[Date "2005.05.28"]
[Round "5.1"]
[White "Fichtl, Andreas"]
[Black "Danner, Lambert"]
[Result "0-1"]
[WhiteElo "1625"]
[BlackElo "1937"]
[PlyCount "92"]
[EventDate "2005.05.25"]
[SourceDate "2005.05.25"]

1. e4 c5 2. c3 d5 3. exd5 Qxd5 4. d4 cxd4 5. cxd4 Nf6 6. Nc3 Qd8 7. Nf3 g6 8.
Bb5+ Bd7 9. O-O Bg7 10. Bf4 O-O 11. Rc1 Bxb5 12. Nxb5 Nd5 13. Bxb8 Qxb8 14. Rc5
e6 15. Qb3 b6 16. Rc2 a6 17. Nc3 Rd8 18. Rfc1 Nxc3 19. Qxc3 Qd6 20. Qc7 Bxd4
21. Qxd6 Rxd6 22. b3 Bc5 23. Kf1 Rad8 24. Ke2 f6 25. Nd2 f5 26. f3 g5 27. Nb1
f4 28. Nc3 Ba3 29. Rd1 Rc8 30. Rxd6 Bxd6 31. Kd3 Be5 32. Na4 Rxc2 33. Kxc2 Bd4
34. Kd3 e5 35. Ke4 b5 36. Kf5 bxa4 37. bxa4 Kg7 38. Kxg5 h6+ 39. Kf5 Kf7 40. g4
fxg3 41. hxg3 a5 42. g4 Bb2 43. Ke4 Ke6 44. Kd3 Kd5 45. Kc2 Ba3 46. Kd3 Bc1 0-1

[Event "Bezirkseinzelmeisterschaft"]
[Site "?"]
[Date "2005.05.28"]
[Round "5.2"]
[White "Feicht, Arno"]
[Black "Orwatsch, Gerhard"]
[Result "0-1"]
[WhiteElo "1930"]
[BlackElo "1930"]
[PlyCount "150"]
[EventDate "2005.05.25"]
[SourceDate "2005.05.25"]

1. d4 c5 2. Nf3 cxd4 3. Qxd4 Nc6 4. Qh4 Nf6 5. Nc3 e5 6. Bg5 d5 7. O-O-O Be6 8.
Qa4 Qb8 9. Bxf6 gxf6 10. Nxd5 Bg7 11. Qa3 e4 12. Ng1 Bxd5 13. Rxd5 Qf4+ 14. e3
Qxf2 15. Nh3 Qe1+ 16. Rd1 Qa5 17. Qxa5 Nxa5 18. Rd4 O-O 19. Rxe4 Rfe8 20. Bd3
Rxe4 21. Bxe4 Re8 22. Nf2 Bh6 23. Re1 f5 24. Bxf5 Rxe3 25. Kd1 Nc4 26. Nd3
Rxe1+ 27. Kxe1 Ne3 28. Be4 Nxc2+ 29. Kf2 b6 30. Ne5 Nb4 31. a3 Bg7 32. Nc4 Na6
33. b4 b5 34. Nd6 Nc7 35. Bc2 Bb2 36. a4 bxa4 37. Bxa4 Ba3 38. Bb3 Ne6 39. Ke3
Bxb4 40. Nf5 a5 41. Ba2 Kf8 42. Ke4 Ng7 43. Bb3 Nxf5 44. Kxf5 Kg7 45. Ba4 Bc3
46. g4 h6 47. h3 Be1 48. g5 Bh4 49. gxh6+ Kxh6 50. Kg4 Be7 51. Bc2 Bb4 52. Kf5
Bc3 53. Kg4 Kg7 54. Kf5 Kf8 55. Bb3 Ke7 56. Ba4 Be1 57. Kg4 Kf6 58. Be8 Ke6 59.
Kf4 Bd2+ 60. Kf3 Be1 61. Kf4 f5 62. Ba4 Bd2+ 63. Kf3 Bg5 64. Be8 Ke5 65. Ba4 f4
66. Bd1 Bh6 67. Bc2 Kd4 68. Bd1 Kd3 69. Ba4 Kc3 70. Kg4 Kb4 71. Bc6 a4 72. Kh5
a3 73. Kxh6 a2 74. Kg5 a1=Q 75. h4 Qe5+ 0-1